[Event "Malaysian Open"]
[Site "Kuala Lumpur MAS"]
[Date "2011.08.25"]
[Round "9.5"]
[White "Cao, Sang"]
[Black "Ju, Wenjun"]
[Result "0-1"]
[WhiteTitle "GM"]
[BlackTitle "WGM"]
[WhiteElo "2533"]
[BlackElo "2515"]
[WhiteFideId "725056"]
[BlackFideId "8603006"]
[EventDate "2011.08.18"]

1. Nf3 Nf6 2. d4 g6 3. Bf4 Bg7 4. e3 O-O 5. h3 d6 6. c3 c5 7. Be2 cxd4 8. exd4
Nd5 9. Bd2 e5 10. O-O Nc6 11. c4 Nde7 12. Bc3 e4 13. Nfd2 Nxd4 14. Nxe4 Nec6 15.
Nbd2 Bf5 16. Re1 d5 17. cxd5 Qxd5 18. Bc4 Qd7 19. Nf3 Rad8 20. Nxd4 Nxd4 21. Rc1
b5 22. Bf1 Qb7 23. Nc5 Qb6 24. Nd3 a5 25. b4 a4 26. Qd2 Be6 27. Qb2 a3 28. Qa1
Bf5 29. Nc5 Rd6 30. Bd3 Bxd3 31. Nxd3 Bh6 32. Nc5 Bxc1 33. Qxc1 Rfd8 34. Qf4 Qb8
35. Qe5 Rd5 36. Qf6 Rf5 37. Qe7 Qc8 38. Ne4 h5 39. Re3 Nc2 40. Nf6+ Kg7 41. Ne8+
Kg8 42. Nf6+ Kg7 43. Ne8+ Kh7 44. Bd4 Rxd4 45. Qf8 Rd1+ 46. Kh2 Qb8+ 47. Rg3 Qe5
48. f4 Rxf4 0-1

[Event "Malaysian Open"]
[Site "Kuala Lumpur MAS"]
[Date "2011.08.25"]
[Round "9.7"]
[White "Yu, Ruiyuan"]
[Black "Dao, Thien Hai"]
[Result "1/2-1/2"]
[BlackTitle "GM"]
[WhiteElo "2431"]
[BlackElo "2492"]
[WhiteFideId "8603090"]
[BlackFideId "12400084"]
[EventDate "2011.08.18"]

1. e4 e5 2. Nf3 Nf6 3. Nxe5 d6 4. Nf3 Nxe4 5. d4 d5 6. Bd3 Nc6 7. O-O Be7 8. c4
Nb4 9. cxd5 Nxd3 10. Qxd3 Nf6 11. Nc3 Nxd5 12. Re1 Nxc3 13. bxc3 O-O 14. Rb1 Rb8
15. c4 Bf6 16. Ba3 Re8 17. Rxe8+ Qxe8 18. Re1 Qd8 19. Qe4 Bd7 20. Be7 Bxe7 21.
Qxe7 Bg4 22. d5 Bxf3 23. gxf3 b6 1/2-1/2

[Event "Malaysian Open"]
[Site "Kuala Lumpur MAS"]
[Date "2011.08.25"]
[Round "9.9"]
[White "Udani, Ian"]
[Black "Iuldachev, Saidali"]
[Result "1-0"]
[BlackTitle "GM"]
[WhiteElo "2307"]
[BlackElo "2482"]
[WhiteFideId "5206243"]
[BlackFideId "14200104"]
[EventDate "2011.08.18"]

1. d4 Nf6 2. c4 d6 3. Nc3 Nbd7 4. Nf3 e5 5. Bg5 Be7 6. e3 O-O 7. Qc2 Ne8 8. Bxe7
Qxe7 9. Be2 Nef6 10. O-O Re8 11. Nb5 Nf8 12. c5 e4 13. cxd6 cxd6 14. Nd2 Bd7 15.
a4 a6 16. Na3 d5 17. Qb3 Qd6 18. Rfc1 Ne6 19. a5 Bc6 20. Rc3 h5 21. Nc2 h4 22.
Qb4 Qd7 23. Nb3 Ng5 24. Ne1 h3 25. g3 Ng4 26. Rc2 Qf5 27. Bf1 Re6 28. Qd2 Rf6
29. Nc5 Rd8 30. Ra3 Qh7 31. Qd1 Qf5 32. Qd2 Rdd6 33. Rb3 g6 34. Rb6 Kg7 35. b4
Kh6 36. Rxb7 Bxb7 37. Nxb7 Rc6 38. Nc5 Kg7 39. Ra2 Qc8 40. Qd1 Qf5 41. Qe2 Rc8
42. Qd2 Ra8 43. Rc2 Ra7 44. Ra2 Qc8 45. Qd1 Qf5 46. Qd2 Rc7 47. Rc2 Rcc6 48. Ra2
Qc8 49. Qd1 Rf3 50. Nxf3 Nxf3+ 51. Kh1 g5 52. b5 axb5 53. Bxb5 Rxc5 54. dxc5
Qxc5 55. Bd7 Nge5 56. Bxh3 Qc4 57. Qa1 Qa6 58. Bg2 f6 59. Qf1 Nc4 60. Qd1 Nce5
61. Qxd5 Qc8 62. Qd1 Nd3 63. h3 Qc4 64. Rc2 Qb5 65. Bxf3 exf3 66. Kh2 Ne5 67.
Ra2 Qc4 68. Ra1 Qa6 69. Qf1 Qa7 70. a6 1-0

[Event "Malaysian Open"]
[Site "Kuala Lumpur MAS"]
[Date "2011.08.25"]
[Round "9.10"]
[White "Gasanov, Eldar"]
[Black "Ikeda, Junta"]
[Result "1-0"]
[WhiteTitle "GM"]
[BlackTitle "FM"]
[WhiteElo "2472"]
[BlackElo "2349"]
[WhiteFideId "14104466"]
[BlackFideId "3204731"]
[EventDate "2011.08.18"]

1. d4 Nf6 2. c4 e6 3. Nc3 Bb4 4. Qc2 b6 5. e4 Bxc3+ 6. bxc3 Bb7 7. Bd3 d6 8. Ne2
c5 9. O-O Nc6 10. f4 cxd4 11. cxd4 O-O 12. Ba3 Re8 13. d5 exd5 14. cxd5 Na5 15.
Rac1 b5 16. Qc7 Nc4 17. Qxb7 Nxa3 18. Ng3 Qb6+ 19. Qxb6 axb6 20. Rf2 Rec8 21.
Rc6 Rxc6 22. dxc6 g6 23. Ne2 Nc4 24. Nd4 Rc8 25. a4 Ng4 26. Ra2 Ra8 27. Nxb5 Na5
28. c7 Nc6 29. Nxd6 Ne7 30. h3 Nf6 31. Rc2 Rxa4 32. c8=Q+ Nxc8 33. Rxc8+ 1-0

[Event "Malaysian Open"]
[Site "Kuala Lumpur MAS"]
[Date "2011.08.25"]
[Round "9.11"]
[White "Gao, Rui"]
[Black "Muminova, Nafisa"]
[Result "0-1"]
[WhiteTitle "IM"]
[BlackTitle "WIM"]
[WhiteElo "2420"]
[BlackElo "2319"]
[WhiteFideId "8602387"]
[BlackFideId "14201526"]
[EventDate "2011.08.18"]

1. e4 e6 2. d4 d5 3. Nc3 Nf6 4. e5 Nfd7 5. f4 c5 6. Nf3 Nc6 7. Be3 Qb6 8. Na4
Qa5+ 9. c3 b6 10. Bd2 c4 11. b4 Nxb4 12. cxb4 Bxb4 13. Rc1 Bxd2+ 14. Nxd2 b5 15.
Nc3 O-O 16. a3 Rb8 17. Ncb1 f6 18. Qg4 Qb6 19. Nf3 a5 20. Nbd2 Ba6 21. Be2 b4
22. axb4 axb4 23. O-O Ra8 24. Ra1 c3 25. Rxa6 Rxa6 26. Bxa6 Qxa6 27. Nb3 f5 28.
Qh4 Re8 29. Ng5 h6 30. Qh5 Re7 31. Ra1 Qd3 32. h4 Qe3+ 33. Kh1 Qxf4 34. Nh3 Qg3
35. Nc5 Nf8 36. Qf3 Qxh4 37. Qf2 Qg4 38. Nf4 c2 39. Nfd3 Nd7 40. Qxc2 Qxd4 41.
Nb3 Qc4 42. Ra8+ Kh7 43. Rc8 Qh4+ 44. Kg1 Nxe5 45. Nxe5 Qe1+ 46. Kh2 Qxe5+ 47.
Kg1 Qe3+ 48. Kh2 Ra7 49. Re8 Qe5+ 50. Kg1 Ra3 51. Kh1 Qe1+ 52. Kh2 Qh4+ 53. Kg1
Qe1+ 54. Kh2 Qe5+ 55. Kh1 d4 56. Rc8 Qe1+ 57. Kh2 Qh4+ 58. Kg1 Qg3 59. Nxd4 b3
60. Qc4 Qe3+ 61. Kh2 Qd2 62. Qxe6 Qf4+ 0-1

[Event "Malaysian Open"]
[Site "Kuala Lumpur MAS"]
[Date "2011.08.25"]
[Round "9.12"]
[White "Dimakiling, Oliver"]
[Black "Morris, James"]
[Result "1-0"]
[WhiteTitle "IM"]
[BlackTitle "IM"]
[WhiteElo "2414"]
[BlackElo "2300"]
[WhiteFideId "5202248"]
[BlackFideId "3205800"]
[EventDate "2011.08.18"]

1. Nf3 d5 2. e3 Nf6 3. c4 g6 4. Nc3 Bg7 5. d4 O-O 6. Qb3 c6 7. Ne5 a6 8. a4 a5
9. Bd2 Na6 10. cxd5 cxd5 11. Be2 Nb4 12. O-O Nd7 13. Nd3 Nxd3 14. Bxd3 Nb6 15.
Rfd1 Bf5 16. Bf1 Be6 17. Be1 Nc4 18. Rac1 Rc8 19. e4 Nb6 20. exd5 Nxd5 21. Qxb7
Rb8 22. Qa7 Rxb2 23. Nxd5 Bxd5 24. Bxa5 Qa8 25. Qxa8 Rxa8 26. Bc3 Rb3 27. Bb5
Rc8 28. Ba1 Rxc1 29. Rxc1 Ra3 30. Rc8+ Bf8 31. Bc3 Be6 32. Rc7 Bb3 33. a5 e6 34.
Rc8 Kg7 35. d5+ f6 36. Rxf8 Ba4 37. Rc8 Bxb5 38. dxe6 Ba6 39. Rc7+ Kg8 40. Bxf6 1-0

[Event "Malaysian Open"]
[Site "Kuala Lumpur MAS"]
[Date "2011.08.25"]
[Round "9.13"]
[White "Pitra, Andika"]
[Black "Zhang, Xiaowen"]
[Result "1/2-1/2"]
[BlackTitle "WGM"]
[WhiteElo "2303"]
[BlackElo "2389"]
[WhiteFideId "7103255"]
[BlackFideId "8603219"]
[EventDate "2011.08.18"]

1. e4 e6 2. d4 d5 3. Nc3 Nf6 4. e5 Nfd7 5. f4 c5 6. Nf3 Nc6 7. Be3 Be7 8. Qd2
O-O 9. Bd3 f6 10. exf6 Bxf6 11. Be2 cxd4 12. Nxd4 Bxd4 13. Bxd4 e5 14. Bxe5
Ndxe5 15. fxe5 d4 16. Nb5 a6 17. Nd6 Nxe5 18. Qxd4 Qg5 19. Ne4 Qxg2 20. O-O-O
Qxe2 21. Qxe5 Bg4 22. Rhe1 Qc4 23. Rd4 Qxa2 24. Nc3 Qa1+ 25. Nb1 Bf5 26. Rg1 Bg6
27. Rd7 Rf6 28. Qd5+ Kh8 29. Rd8+ Rf8 30. Rxa8 Rxa8 31. Qxb7 Re8 32. Qb4 Rc8 33.
Rg2 Qa2 34. Nc3 Qa1+ 35. Nb1 Qa2 36. Nc3 Qf7 37. Rd2 Qf1+ 38. Nd1 Qf5 39. Nc3 h6
40. Kb1 Kh7 41. Qd4 Re8 42. b3 Qa5 43. Kb2 Re1 44. Qa4 Qg5 45. Qd4 Qa5 46. Qa4
Qg5 47. Qd4 Qa5 1/2-1/2

[Event "Malaysian Open"]
[Site "Kuala Lumpur MAS"]
[Date "2011.08.25"]
[Round "9.14"]
[White "Wang, Jue"]
[Black "Lane, Gary W."]
[Result "1/2-1/2"]
[BlackTitle "IM"]
[WhiteElo "2294"]
[BlackElo "2369"]
[WhiteFideId "8604070"]
[BlackFideId "3203301"]
[EventDate "2011.08.18"]

1. e4 e5 2. Nf3 Nc6 3. d4 exd4 4. Nxd4 Bb4+ 5. c3 Bc5 6. Be3 Bb6 7. Nf5 Qf6 8.
Na3 Bxe3 9. Nxe3 Nge7 10. Nb5 Qe5 11. Bd3 Kd8 12. O-O a6 13. Na3 d6 14. Nac4 Qe6
15. f4 b5 16. Na3 f5 17. Nxf5 Nxf5 18. exf5 Qd5 19. Nc2 Bxf5 20. Bxf5 Qxf5 21.
Qf3 Qxc2 22. Qxc6 Rb8 23. Rf2 Qf5 24. Re1 Rb6 25. Qa8+ Qc8 26. Qxc8+ Kxc8 27.
Re7 Rg8 28. Rfe2 b4 29. c4 b3 30. axb3 Rxb3 31. Rf7 Rb4 32. Rc2 Kb7 33. Kf2 Kc6
34. Ke3 a5 35. f5 a4 36. Kd2 Kb6 37. g4 c6 38. g5 Kc5 39. Kd3 Rb3+ 40. Kd2 Rb4 1/2-1/2

[Event "Malaysian Open"]
[Site "Kuala Lumpur MAS"]
[Date "2011.08.25"]
[Round "9.20"]
[White "Mariano, Nelson III"]
[Black "Olay, Edgar Reggie"]
[Result "1/2-1/2"]
[WhiteElo "2242"]
[BlackElo "2303"]
[WhiteFideId "5201748"]
[BlackFideId "5206189"]
[EventDate "2011.08.18"]

1. e4 d6 2. Nc3 g6 3. d3 Bg7 4. Nge2 Nf6 5. g3 O-O 6. Bg2 c6 7. O-O b5 8. Nxb5
cxb5 9. e5 d5 10. exf6 Bxf6 11. c4 Nd7 12. Bxd5 Rb8 13. Bf4 e5 14. Bh6 Bg7 15.
Bxg7 Kxg7 16. b3 Nf6 17. Bg2 Bb7 18. d4 Bxg2 19. Kxg2 exd4 20. Qxd4 Qxd4 21.
Nxd4 bxc4 22. bxc4 1/2-1/2

[Event "Malaysian Open"]
[Site "Kuala Lumpur MAS"]
[Date "2011.08.25"]
[Round "9.21"]
[White "Wallis, Christopher"]
[Black "Lei, Tingjie"]
[Result "1/2-1/2"]
[WhiteTitle "FM"]
[WhiteElo "2287"]
[BlackElo "2061"]
[WhiteFideId "3204839"]
[BlackFideId "8605114"]
[EventDate "2011.08.18"]

1. e4 c5 2. Nf3 g6 3. d4 cxd4 4. Nxd4 Bg7 5. Nc3 Nc6 6. Be3 Nf6 7. Bc4 O-O 8.
Bb3 a5 9. O-O a4 10. Nxa4 Nxe4 11. c4 d6 12. Re1 Nf6 13. Nb5 Bf5 14. Bb6 Qc8 15.
Nc7 Rb8 16. Nd5 Re8 17. Rc1 Qd7 18. Nac3 Rbc8 19. f3 h5 20. Ba4 Nh7 21. Qe2 e6
22. Ne3 Qe7 23. Red1 Ra8 24. b3 Be5 25. Qf2 Nf6 26. Nb5 Rec8 27. Nxf5 exf5 28.
Re1 f4 29. Rcd1 Qf8 30. Kh1 g5 31. Qc2 Ne8 32. Qf5 Qe7 33. h4 gxh4 34. Qxh5 Ng7
35. Qg4 Qf6 36. Bf2 Ne7 37. Bxh4 Qh6 38. Kg1 Nf5 39. Bg5 Qg6 40. Bxf4 Bxf4 41.
Qxf4 Rd8 42. Nc7 Rac8 43. Nd5 Kh7 44. Kf2 Ne6 45. Rh1+ Kg7 46. Qg4 Qxg4 47. fxg4
Nh6 48. Ne3 Nc5 49. Bb5 Ra8 50. a4 Nxb3 51. g5 Ng8 52. Nf5+ Kg6 53. Rd5 Nc5 54.
Nxd6 b6 55. Kf3 Nxa4 56. Ne4 Nc5 57. Nxc5 bxc5 58. Rhd1 Ra3+ 59. Kg4 Rda8 60.
Rd8 Ne7 61. Rxa8 Rxa8 62. Rd6+ Kg7 63. Rd7 Ng6 64. Rc7 Ra2 65. g3 Ne5+ 66. Kf5
Ng6 67. Rxc5 Ra3 68. Kg4 Rc3 69. Rc7 Ne5+ 70. Kf5 Ng6 71. Kg4 Ne5+ 72. Kh4 Kg6
73. Rc5 Nd3 74. Rc7 Ne5 75. Re7 Nf3+ 76. Kg4 Nxg5 77. Re5 f6 78. Rd5 Ne4 79. Kf4
Nxg3 80. c5 Nh5+ 81. Ke4 Ng7 82. Bd7 Kf7 83. c6 Ne6 84. Rd1 Ke7 85. Re1 Rc5 86.
Kd3 Rd5+ 87. Kc4 Rxd7 88. cxd7 Kxd7 89. Kd5 Nc7+ 90. Ke4 Ke6 91. Kf4+ Kf7 92.
Kf5 Nd5 93. Ra1 Ne7+ 94. Ke4 Ke6 95. Ra6+ Kf7 1/2-1/2

[Event "Malaysian Open"]
[Site "Kuala Lumpur MAS"]
[Date "2011.08.25"]
[Round "9.22"]
[White "Cheah, Cheok Fung"]
[Black "Wang, Yiye"]
[Result "0-1"]
[WhiteElo "2008"]
[BlackElo "2262"]
[WhiteFideId "5703271"]
[BlackFideId "8606021"]
[EventDate "2011.08.18"]

1. d4 Nf6 2. c4 c5 3. d5 b5 4. cxb5 a6 5. e3 g6 6. bxa6 Bg7 7. Nc3 O-O 8. Nf3 d6
9. Be2 Bxa6 10. O-O Nbd7 11. h3 Qa5 12. Bd2 Rfb8 13. Rb1 Bxe2 14. Qxe2 Ne8 15.
a3 Nc7 16. Rfd1 Qa6 17. Qxa6 Rxa6 18. Ne1 Nb6 19. Nc2 Nc4 20. Ne4 Rxb2 21. Rxb2
Nxb2 22. Rb1 Nxd5 23. Bc1 Rb6 24. Bxb2 Rxb2 25. Rxb2 Bxb2 26. a4 Nc7 27. Nd2 Bc3
28. Nb3 Na6 29. Kf1 d5 30. Ke2 Kf8 31. Na3 Ke8 32. Nb5 Bb4 33. Nc1 Kd7 34. Nd3
f6 35. Nf4 e6 36. Kd3 Ba5 37. f3 Nb4+ 38. Ke2 e5 39. Nd3 Nxd3 40. Kxd3 c4+ 41.
Ke2 Kc6 42. Na7+ Kc5 0-1

[Event "Malaysian Open"]
[Site "Kuala Lumpur MAS"]
[Date "2011.08.25"]
[Round "9.23"]
[White "Laylo, Darwin"]
[Black "Ismail, Ahmad"]
[Result "1-0"]
[WhiteTitle "GM"]
[WhiteElo "2528"]
[BlackElo "1989"]
[WhiteFideId "5201330"]
[BlackFideId "5700655"]
[EventDate "2011.08.18"]

1. d4 Nf6 2. Nf3 e6 3. c4 Bb4+ 4. Nbd2 Nc6 5. a3 Bxd2+ 6. Qxd2 d6 7. b4 O-O 8.
Bb2 Re8 9. e3 Qe7 10. Be2 b6 11. Rd1 Bb7 12. O-O a5 13. b5 Nb8 14. Qc2 Nbd7 15.
Nd2 e5 16. Bf3 e4 17. Be2 Nf8 18. d5 Ng6 19. Bxf6 gxf6 20. f4 f5 21. Qc3 Bc8 22.
g3 Bd7 23. Kf2 f6 24. Rh1 Kf7 25. Rdg1 Rg8 26. h4 h6 27. Qd4 Rae8 28. Rg2 Rg7
29. Rhg1 Reg8 30. h5 Nf8 31. g4 fxg4 32. Nxe4 f5 33. Ng3 Qf6 34. Bd3 Nh7 35. Re1
Re8 36. Kf1 Rgg8 37. Qxf6+ Kxf6 38. Rge2 Rgf8 39. e4 fxe4 40. Rxe4 Rxe4 41. Bxe4
Rh8 42. Bg6 Nf8 43. f5 Kg5 44. Re7 Kf6 45. Re2 Kg5 46. Rf2 Kf6 47. Re2 Kg5 48.
Ne4+ Kf4 49. Nf6 g3 50. Ne4 Bxf5 51. Bxf5 Kxf5 52. Nxg3+ Kg4 53. Kg2 Nd7 54.
Re4+ Kg5 55. Re7 Nf6 56. Rxc7 Nxh5 57. Nxh5 Kxh5 58. Rc6 Rg8+ 59. Kf3 Rg4 60.
Rxd6 Rxc4 61. Rxb6 Rc3+ 62. Ke4 Rxa3 63. d6 Ra1 64. Ra6 Rd1 65. Ke5 Re1+ 66. Kf6
Rf1+ 67. Ke7 Re1+ 68. Kd8 Kg6 69. d7+ Kf7 70. Kc7 1-0

[Event "Malaysian Open"]
[Site "Kuala Lumpur MAS"]
[Date "2011.08.25"]
[Round "9.24"]
[White "Kojima, Shinya"]
[Black "Lee, Kah Meng Elgin"]
[Result "1/2-1/2"]
[WhiteTitle "FM"]
[WhiteElo "2300"]
[BlackElo "1985"]
[WhiteFideId "7000812"]
[BlackFideId "5701996"]
[EventDate "2011.08.18"]

1. Nf3 d5 2. d4 Nf6 3. c4 c6 4. e3 e6 5. b3 Bb4+ 6. Bd2 Bxd2+ 7. Nbxd2 Nbd7 8.
Bd3 b6 9. O-O Bb7 10. Ne5 O-O 11. f4 c5 12. cxd5 Nxd5 13. Ndc4 cxd4 14. exd4
N7f6 15. Qd2 a5 16. Rae1 b5 17. Nb2 Qb6 18. Qf2 Nb4 19. Bb1 Rad8 20. a3 Nc6 21.
Nxc6 Bxc6 22. Rc1 Bd5 23. b4 axb4 24. axb4 Be4 25. Rc5 Bxb1 26. Rxb1 Ne4 27. Qe3
Nxc5 28. dxc5 Qc6 29. h3 h6 30. Kh2 Rd5 31. Nd3 Rfd8 32. Ne5 Qc7 33. Ra1 f6 34.
Nf3 Qc6 35. Ra7 R5d7 36. Ra5 Kf7 37. Qe2 Rb8 38. Kh1 Qd5 39. Kh2 Qc4 40. Qxc4
bxc4 41. c6 Rc7 42. b5 c3 43. Nd4 e5 44. fxe5 fxe5 45. Nc2 Ke6 46. Na3 Kd6 47.
Ra4 c2 48. Rc4 Ra7 49. Nxc2 Rxb5 50. Ne3 Rc5 51. Nf5+ Kxc6 52. Rg4 e4 53. Nxg7
Rg5 54. Rxg5 hxg5 55. Nf5 Rf7 56. g4 Kd5 57. Kg3 Ke5 58. h4 gxh4+ 59. Nxh4 e3
60. Nf5 e2 61. Kf2 Kf4 62. Kxe2 Rf6 63. Kd3 Kxg4 64. Ne3+ Kf3 65. Nd5 Re6 66.
Kd4 Re4+ 1/2-1/2

[Event "Malaysian Open"]
[Site "Kuala Lumpur MAS"]
[Date "2011.08.25"]
[Round "9.25"]
[White "Lim, Yee-Weng"]
[Black "Siew, Kit-Tze Mark"]
[Result "1-0"]
[WhiteTitle "IM"]
[WhiteElo "2253"]
[BlackElo "1972"]
[WhiteFideId "5700590"]
[BlackFideId "5706017"]
[EventDate "2011.08.18"]

1. e4 c5 2. Nf3 e6 3. d4 cxd4 4. c3 Nf6 5. e5 Nd5 6. cxd4 d6 7. Bc4 Nc6 8. O-O
Be7 9. exd6 Qxd6 10. Nc3 Nxc3 11. bxc3 O-O 12. Re1 b6 13. Ng5 Bb7 14. Qg4 e5 15.
a4 Bxg5 16. Qxg5 exd4 17. Ba3 Qd8 18. Qf4 Na5 19. Ba2 dxc3 20. Rad1 Qf6 21. Qxf6
gxf6 22. Bxf8 Rxf8 23. Rc1 Bc6 24. Rxc3 Bxa4 25. Rc7 a6 26. Re4 Bb3 27. Bxb3
Nxb3 28. Rg4+ Kh8 29. Rb4 Nc5 30. Rxb6 Ne6 31. Rcb7 Kg7 32. Rxe6 Rc8 33. Re1 1-0

[Event "Malaysian Open"]
[Site "Kuala Lumpur MAS"]
[Date "2011.08.25"]
[Round "9.29"]
[White "Bennett, Hilton"]
[Black "Zhai, Mo"]
[Result "0-1"]
[BlackTitle "WFM"]
[WhiteElo "1994"]
[BlackElo "2198"]
[WhiteFideId "4300734"]
[BlackFideId "8600201"]
[EventDate "2011.08.18"]

1. e4 c5 2. Nc3 Nc6 3. f4 g6 4. Nf3 Bg7 5. Bb5 Nd4 6. Bd3 e6 7. Nxd4 cxd4 8. Nb5
d6 9. c3 Ne7 10. Nxd4 Bxd4 11. Qa4+ Nc6 12. cxd4 d5 13. e5 Qb6 14. Bb5 Bd7 15.
Bxc6 Bxc6 16. Qa3 Qxd4 17. Qe3 Qe4 18. d3 Qxg2 19. Rg1 Qxh2 20. Bd2 Qh4+ 21. Ke2
Qh2+ 22. Kd1 d4 23. Qxd4 Rd8 24. Qe3 Rxd3 25. Qxd3 Qxg1+ 26. Kc2 Qc5+ 27. Bc3
O-O 28. Rd1 Qf2+ 29. Bd2 Qg2 30. Re1 h5 31. Kb1 h4 32. Bb4 Re8 33. Re3 h3 34.
Re2 h2 0-1

[Event "Malaysian Open"]
[Site "Kuala Lumpur MAS"]
[Date "2011.08.25"]
[Round "9.30"]
[White "Tan, Justin2"]
[Black "Iskandar, Bin Abdullah"]
[Result "0-1"]
[WhiteElo "2161"]
[BlackElo "1956"]
[WhiteFideId "3206882"]
[BlackFideId "5802105"]
[EventDate "2011.08.18"]

1. e4 e6 2. d4 d5 3. Nc3 Bb4 4. e5 c5 5. a3 Bxc3+ 6. bxc3 Qa5 7. Bd2 Qa4 8. Qb1
c4 9. Ne2 Nc6 10. Ng3 Nge7 11. Nh5 Rg8 12. Be2 Bd7 13. O-O O-O-O 14. Qb2 Kb8 15.
Rfb1 Bc8 16. Qc1 Bd7 17. h3 Nc8 18. Bd1 Nb6 19. Bg5 Rc8 20. Bh4 Rc7 21. f4 Qa5
22. Qe3 Na4 23. Be1 Rcc8 24. Kh2 Rcf8 25. Bg4 Ka8 26. Bd2 f5 27. exf6 g6 28. Ng3
Rxf6 29. Ne2 Rgf8 30. Be1 Qc7 31. Bg3 h5 32. Bf3 Qc8 33. Bh4 R6f7 34. g3 Qe8 35.
Kg2 Ne7 36. g4 Ng8 37. Rb4 Nf6 38. Qe5 hxg4 39. hxg4 Qb8 40. Bxf6 Rxf6 41. Rab1
Bc6 42. Rh1 Qxe5 43. dxe5 R6f7 44. g5 a5 45. Rbb1 Nxc3 46. Nxc3 Rxf4 47. Rbf1
Rxf3 48. Rxf3 d4 49. Rf1 Bxf3+ 50. Rxf3 Rxf3 51. Kxf3 dxc3 52. Ke4 b5 53. Kd4
Kb7 54. Kxc3 Kc6 55. Kd4 Kb6 56. a4 bxa4 57. Kxc4 Kc6 58. Kd4 a3 59. Kc3 Kd5 60.
Kb3 Kxe5 61. Kxa3 Kd4 62. Ka4 e5 63. Kb5 Kc3 0-1

[Event "Malaysian Open"]
[Site "Kuala Lumpur MAS"]
[Date "2011.08.25"]
[Round "9.31"]
[White "Li, Panru"]
[Black "Milligan, Helen"]
[Result "1/2-1/2"]
[BlackTitle "WFM"]
[WhiteElo "2135"]
[BlackElo "1965"]
[WhiteFideId "8600880"]
[BlackFideId "2401312"]
[EventDate "2011.08.18"]

1. d4 Nf6 2. c4 g6 3. Nf3 Bg7 4. g3 d6 5. Bg2 O-O 6. O-O Nbd7 7. Nc3 e5 8. dxe5
Nxe5 9. Nxe5 dxe5 10. Qc2 c6 11. e4 Be6 12. b3 Qe7 13. h3 Rfd8 14. Be3 b6 15.
Rad1 Rxd1 16. Rxd1 Rd8 17. Rd2 Rxd2 18. Qxd2 Qd7 19. Qxd7 Bxd7 20. Kf1 Ne8 21.
Ke2 Nc7 22. Kd3 Ne6 23. Ne2 Kf8 24. f4 exf4 25. gxf4 Ke7 26. Bf3 Nd8 27. Bg2 Ne6 1/2-1/2

[Event "Malaysian Open"]
[Site "Kuala Lumpur MAS"]
[Date "2011.08.25"]
[Round "9.32"]
[White "Shinoda, Taro"]
[Black "Zulfic, Fedja"]
[Result "0-1"]
[WhiteElo "1897"]
[BlackElo "2098"]
[WhiteFideId "7001576"]
[BlackFideId "3208427"]
[EventDate "2011.08.18"]

1. d4 Nf6 2. c4 c5 3. d5 b5 4. cxb5 a6 5. b6 a5 6. Nc3 Ba6 7. Nf3 g6 8. e4 Bxf1
9. Kxf1 d6 10. g3 Nbd7 11. Kg2 Bg7 12. h3 O-O 13. Re1 Nxb6 14. a4 Nfd7 15. Bf4
Rb8 16. Qc1 Nc4 17. Rb1 Rb4 18. b3 Nce5 19. Nxe5 Nxe5 20. Qc2 c4 21. bxc4 Rxc4
22. Bd2 Qc7 23. Qb3 Nd3 24. Re3 Bxc3 25. Rxd3 Bxd2 26. Rxd2 Rxe4 27. Rc2 Qd7 28.
Qb5 Qxb5 29. axb5 Rb8 30. b6 Rb4 31. Re1 R4xb6 32. Rxe7 R6b7 33. Rxb7 Rxb7 34.
Rc6 Ra7 35. Rxd6 Kf8 36. Rc6 a4 37. Kf3 a3 38. Rc1 a2 39. Ra1 Ra4 40. Ke3 Ke7
41. Kd3 Kd6 42. Kc3 Kxd5 43. Kb3 Ra7 44. g4 Ke4 45. Kb2 Kf3 0-1

[Event "Malaysian Open"]
[Site "Kuala Lumpur MAS"]
[Date "2011.08.25"]
[Round "9.34"]
[White "Nur, Nabila Azman Hisham"]
[Black "Ong, Way Justin"]
[Result "1/2-1/2"]
[WhiteTitle "WCM"]
[WhiteElo "1894"]
[BlackElo "2041"]
[WhiteFideId "5702135"]
[BlackFideId "5703565"]
[EventDate "2011.08.18"]

1. d4 d5 2. c4 c6 3. Nc3 Nf6 4. Nf3 e6 5. Bg5 Nbd7 6. cxd5 exd5 7. e3 Be7 8. Bd3
O-O 9. O-O g6 10. Qc2 Nh5 11. Bh6 Re8 12. Rab1 Bd6 13. b4 a6 14. a4 Ndf6 15.
Rfc1 Qe7 16. b5 a5 17. bxc6 bxc6 18. Ne2 Bd7 19. Rb7 Reb8 20. Rcb1 Qe8 21. Ng3
Rc8 22. Nxh5 Nxh5 23. Ne5 Be6 24. f4 c5 25. Bb5 Qd8 26. Nc6 cxd4 27. Nxd8 Rxc2
28. Nxe6 fxe6 29. Bd7 Bc7 30. Bxe6+ Kh8 31. Bxd5 Rd8 32. Be4 d3 33. Bxd3 Rc3 34.
Bf1 Nf6 35. Bg5 Rf8 36. Bh6 Re8 37. Re1 Nd5 38. e4 Kg8 39. Bb5 Re6 40. e5 Rb6
41. Ra7 Rxb5 42. Rxc7 Nxc7 43. axb5 Nxb5 44. Rb1 Nd4 45. Rb8+ Kf7 46. Rb7+ Ke6
47. g4 a4 48. Rb6+ Kd5 49. Rd6+ Ke4 50. Kf2 Rc2+ 51. Kg3 Ne2+ 52. Kh4 Nxf4 53.
Bxf4 Kxf4 54. Rd4+ Kxe5 55. Rxa4 Rxh2+ 56. Kg5 h5 57. gxh5 gxh5 58. Rh4 1/2-1/2

[Event "Malaysian Open"]
[Site "Kuala Lumpur MAS"]
[Date "2011.08.25"]
[Round "9.35"]
[White "Ajeet Singh, Roshan"]
[Black "Nakamura, Naohiro"]
[Result "1-0"]
[WhiteElo "1864"]
[BlackElo "2033"]
[WhiteFideId "5704740"]
[BlackFideId "7000715"]
[EventDate "2011.08.18"]

1. d4 d5 2. c4 e6 3. Nc3 Be7 4. cxd5 exd5 5. Bf4 c6 6. e3 Bf5 7. g4 Be6 8. Bd3
Nf6 9. h3 Bd6 10. Bxd6 Qxd6 11. Nge2 h5 12. g5 Ng8 13. g6 Nd7 14. Nf4 Ndf6 15.
Rg1 Ne7 16. gxf7+ Kxf7 17. Qf3 Rag8 18. Rg5 g6 19. O-O-O Bf5 20. Bxf5 gxf5 21.
Rdg1 h4 22. Nd3 Rxg5 23. Rxg5 Ne4 24. Ne5+ Ke8 25. Nxe4 dxe4 26. Qf4 c5 27. Rg7
Rh6 28. Qg5 cxd4 29. exd4 Qxd4 30. Qxe7# 1-0

[Event "Malaysian Open"]
[Site "Kuala Lumpur MAS"]
[Date "2011.08.25"]
[Round "9.36"]
[White "Tan, Li Ting"]
[Black "Zelesco, Karl"]
[Result "0-1"]
[WhiteElo "1846"]
[BlackElo "2013"]
[WhiteFideId "5704820"]
[BlackFideId "3213390"]
[EventDate "2011.08.18"]

1. d4 d5 2. c4 c6 3. Nf3 Nf6 4. Nc3 e6 5. Bg5 h6 6. Bh4 dxc4 7. a4 Bb4 8. Qc2 b5
9. Bxf6 Qxf6 10. axb5 Bb7 11. Qa4 a5 12. e3 O-O 13. Be2 Rc8 14. O-O Nd7 15. bxc6
Bxc6 16. Qc2 Rab8 17. Rfc1 Ba8 18. Nd2 Nb6 19. Nde4 Qg6 20. Ng3 Qf6 21. Na2 e5
22. Rd1 Rc7 23. Nc3 Nd7 24. Rac1 Bb7 25. Nb5 Qc6 26. f3 Qxb5 27. Bxc4 Qc6 28.
Qb3 Kh8 29. Ne2 Qf6 30. e4 exd4 31. Qd3 Ne5 32. Qb3 Nxc4 33. Rxc4 Rxc4 34. Qxc4
Ba6 35. Qc2 Rc8 0-1